Gravitation and cosmology: principles and applications of the general theory. (Record no. 162393)
[ view plain ]
| 000 -LEADER | |
|---|---|
| fixed length control field | 00756nam a2200217Ia 4500 |
| 003 - CONTROL NUMBER IDENTIFIER | |
| control field | OSt |
| 005 - DATE AND TIME OF LATEST TRANSACTION | |
| control field | 20230508094933.0 |
| 008 - FIXED-LENGTH DATA ELEMENTS--GENERAL INFORMATION | |
| fixed length control field | 210423s2013 xx 000 0 und d |
| 020 ## - INTERNATIONAL STANDARD BOOK NUMBER | |
| International Standard Book Number | 9788126517558 |
| 040 ## - CATALOGING SOURCE | |
| Transcribing agency | AL |
| 041 ## - LANGUAGE CODE | |
| Language code of text/sound track or separate title | eng |
| 082 ## - DEWEY DECIMAL CLASSIFICATION NUMBER | |
| Classification number | 531.14 |
| Edition number | 23 |
| Item number | WEIG |
| 100 ## - MAIN ENTRY--PERSONAL NAME | |
| Personal name | Steven Weinberg |
| 9 (RLIN) | 65873 |
| 245 ## - TITLE STATEMENT | |
| Title | Gravitation and cosmology: principles and applications of the general theory. |
| Remainder of title | : Principles and applications of the general theory of relativity |
| 260 ## - PUBLICATION, DISTRIBUTION, ETC. | |
| Place of publication, distribution, etc. | New Delhi |
| Name of publisher, distributor, etc. | Wiley and Sons |
| Date of publication, distribution, etc. | 2013 |
| 300 ## - PHYSICAL DESCRIPTION | |
| Extent | xxviii,657p. |
| Other physical details | PB |
| Dimensions | 22.8X15.5cm. |
| 365 ## - TRADE PRICE | |
| Price amount | General |
| Currency code | INR |
| Source of price type code | ₹559.00 |
| Price type code | ₹ |
| Unit of pricing | ₹ |
| 650 ## - SUBJECT ADDED ENTRY--TOPICAL TERM | |
| Source of heading or term | Physics |
| Topical term or geographic name entry element | Physics |
| 9 (RLIN) | 65874 |
| 906 ## - LOCAL DATA ELEMENT F, LDF (RLIN) | |
| a | applications ; cosmology: ; general ; Gravitation ; principles ; theory. |
| 942 ## - ADDED ENTRY ELEMENTS (KOHA) | |
| Source of classification or shelving scheme | Dewey Decimal Classification |
| Koha item type | Book |
| Withdrawn status | Lost status | Source of classification or shelving scheme | Damaged status | Not for loan | Collection code | Home library | Current library | Date acquired | Source of acquisition | Cost, normal purchase price | Total Checkouts | Full call number | Barcode | Date last seen | Price effective from | Koha item type |
|---|---|---|---|---|---|---|---|---|---|---|---|---|---|---|---|---|
| Dewey Decimal Classification | Physics | St Aloysius PG Library | St Aloysius PG Library | 07/10/2013 | Higginbothams Pvt Ltd | 559.00 | 531.14 WEIG | PG008886 | 04/26/2021 | 04/26/2021 | Book |